[Event "IX Open Primavera"]
[Site "Robecchetto con Induno ITA"]
[Date "2012.04.12"]
[Round "1"]
[White "Angalone, Ruggero"]
[Black "Novi', Giuseppe"]
[Result "0-1"]
[WhiteElo "1566"]
[BlackElo "1810"]
[PlyCount "66"]
[EventDate "2012.04.12"]

1. b3 e5 2. Bb2 Nc6 3. g3 Nf6 4. Bg2 d5 5. d3 Bd6 6. Nf3 O-O 7. O-O Bg4 8. c4
d4 9. a3 a5 10. h3 Be6 11. Nbd2 Ne7 12. Ng5 Bc8 13. Nge4 Nxe4 14. Nxe4 f5 15.
Nxd6 Qxd6 16. Qc2 c5 17. b4 axb4 18. axb4 Rxa1 19. Rxa1 b6 20. bxc5 bxc5 21.
Ra5 Ng6 22. Ba3 Be6 23. Bxc5 Qc7 24. Rb5 Re8 25. Qa4 Bd7 26. Rb7 Qxb7 27. Bxb7
Bxa4 28. Bd6 e4 29. c5 exd3 30. exd3 Re1+ 31. Kg2 Rc1 32. Bc8 Bc6+ 33. Kh2 Rh1#
0-1

[Event "IX Open Primavera"]
[Site "Robecchetto con Induno ITA"]
[Date "2012.04.12"]
[Round "1"]
[White "Barrera, Pietro"]
[Black "Madaschi, Sergio"]
[Result "1-0"]
[WhiteElo "1881"]
[BlackElo "1569"]
[PlyCount "63"]
[EventDate "2012.04.12"]

1. d4 d5 2. Nf3 Nf6 3. h3 c6 4. Bf4 Qb6 5. Qc1 Nbd7 6. e3 e6 7. Bd3 c5 8. c3
Bd6 9. Ne5 Qc7 10. Nxd7 Bxd7 11. Bxd6 Qxd6 12. Nd2 c4 13. Bc2 O-O 14. O-O e5
15. dxe5 Qxe5 16. Nf3 Qe7 17. Qd2 Rad8 18. Qd4 b6 19. Rad1 h6 20. Qh4 Bc6 21.
Nd4 Bd7 22. g4 Qe5 23. Nf3 Qd6 24. g5 hxg5 25. Nxg5 g6 26. Qh6 Be8 27. Rd4 Qe5
28. Rh4 Qxg5+ 29. Qxg5 Rd6 30. Qh6 Nh5 31. Rxh5 gxh5 32. Qh7# 1-0

[Event "IX Open Primavera"]
[Site "Robecchetto con Induno ITA"]
[Date "2012.04.12"]
[Round "1"]
[White "Buratti, Roberto"]
[Black "Vada, Riccardo"]
[Result "0-1"]
[WhiteElo "1726"]
[BlackElo "1440"]
[PlyCount "114"]
[EventDate "2012.04.12"]

1. e4 e5 2. Bc4 Nc6 3. Nf3 Bc5 4. b4 Bxb4 5. c3 Bc5 6. d4 exd4 7. O-O d3 8. Qb3
Qe7 9. Bg5 f6 10. Bxg8 fxg5 11. Nbd2 b6 12. e5 Na5 13. Qb5 Rxg8 14. e6 c6 15.
exd7+ Qxd7 16. Rae1+ Kd8 17. Qa4 Kc7 18. Ne5 Qf5 19. Ndc4 Bd7 20. Nxa5 bxa5 21.
g4 Qf4 22. Re4 Qf8 23. Nxd3 Bb6 24. Ne5 Rd8 25. Kg2 Qf6 26. f4 Rgf8 27. f5 c5
28. Nxd7 Rxd7 29. Re6 Qd8 30. Qc6+ Kb8 31. Rfe1 Rd2+ 32. Kh3 Rd3+ 33. Kg2 Qd5+
34. Qxd5 Rxd5 35. Re7 g6 36. Re8+ Rxe8 37. Rxe8+ Kc7 38. f6 Rd7 39. Rg8 Kd6 40.
Rg7 Ke6 41. Kf3 Rxg7 42. fxg7 Kf7 43. Ke4 Kxg7 44. c4 Kf6 45. Kd5 h5 46. h3 a4
47. Kd6 Kf7 48. Kd7 Ba5 49. Kd6 Bb4 50. Kd7 a3 51. Kd6 Kf6 52. Kd5 Ke7 53. Ke5
Bc3+ 54. Kd5 Bd4 55. Kc6 Ke6 56. Kc7 Ke5 57. Kd7 hxg4 0-1

[Event "IX Open Primavera"]
[Site "Robecchetto con Induno ITA"]
[Date "2012.04.12"]
[Round "1"]
[White "Koureas, Panicos"]
[Black "Macchiettini, Pierangelo"]
[Result "0-1"]
[WhiteElo "1393"]
[BlackElo "1701"]
[PlyCount "84"]
[EventDate "2012.04.12"]

1. e4 c5 2. Nc3 d6 3. f4 Nf6 4. Nf3 e6 5. Bc4 Nbd7 6. a3 a6 7. O-O Be7 8. d3
O-O 9. Qe1 Re8 10. Nd1 b5 11. Bb3 Qc7 12. c3 c4 13. Bc2 e5 14. f5 Bb7 15. Qg3
cxd3 16. Bxd3 Bxe4 17. Ng5 Bxd3 18. Qxd3 h6 19. Ne4 Rad8 20. Ndf2 d5 21. Nxf6+
Nxf6 22. Qh3 Kh7 23. Bg5 Qb6 24. Kh1 e4 25. Be3 Bc5 26. Bxc5 Qxc5 27. b4 Qb6
28. Ng4 Nxg4 29. Qxg4 Qf6 30. Rac1 Rc8 31. Qd1 Red8 32. g4 Rxc3 33. g5 Rxc1 34.
g6+ fxg6 35. fxg6+ Qxg6 36. Qxc1 Qe6 37. Qc7 Rg8 38. Qb7 e3 39. Qc7 Rc8 40. Qf4
Rc4 41. Qf5+ Qxf5 42. Rxf5 e2 0-1

[Event "IX Open Primavera"]
[Site "Robecchetto con Induno ITA"]
[Date "2012.04.12"]
[Round "1"]
[White "Libutti, Michele"]
[Black "Colombo, Angelo D."]
[Result "1/2-1/2"]
[WhiteElo "1752"]
[BlackElo "1473"]
[PlyCount "90"]
[EventDate "2012.04.12"]

1. d4 d5 2. c4 e6 3. Nc3 Nf6 4. Bg5 Be7 5. e3 Nbd7 6. Nf3 O-O 7. Rc1 Re8 8. a3
Nf8 9. Ne5 N6d7 10. Bxe7 Rxe7 11. f4 Nxe5 12. fxe5 Rd7 13. c5 Qg5 14. Qf3 c6
15. Bd3 Ng6 16. g3 f5 17. h4 Qh6 18. h5 Nf8 19. Kd2 b6 20. Na4 b5 21. Nc3 a5
22. Rcf1 Rf7 23. g4 Raa7 24. Rhg1 fxg4 25. Qxg4 Rxf1 26. Rxf1 Rf7 27. Rxf7 Kxf7
28. Ne2 g5 29. hxg6+ hxg6 30. Qf4+ Qxf4 31. exf4 Kg7 32. Ke3 Bd7 33. Kf3 Be8
34. Kg4 Kh6 35. Ng1 Bf7 36. Nf3 Nh7 37. Ng5 Nxg5 38. fxg5+ Kg7 39. Kf3 Kf8 40.
Ke2 Ke7 41. Kd2 Kd7 42. a4 b4 43. Ba6 Kc7 44. Kc2 Kb8 45. Kb3 Kc7 1/2-1/2

[Event "IX Open Primavera"]
[Site "Robecchetto con Induno ITA"]
[Date "2012.04.12"]
[Round "1"]
[White "Marchesotti, Giovanni"]
[Black "Testa, Loris"]
[Result "0-1"]
[WhiteElo "1572"]
[BlackElo "1887"]
[PlyCount "72"]
[EventDate "2012.04.12"]

1. e4 e5 2. Nf3 Nc6 3. Bb5 a6 4. Ba4 Nf6 5. O-O b5 6. Bb3 Be7 7. d3 d6 8. Nbd2
Na5 9. Qe2 Bg4 10. h3 Bh5 11. c3 Nxb3 12. Nxb3 c5 13. Be3 O-O 14. Nbd2 Qc7 15.
Qe1 a5 16. Nh2 d5 17. f3 d4 18. cxd4 cxd4 19. Rc1 Qb7 20. Bf2 Nd7 21. g4 Bg6
22. f4 f6 23. fxe5 fxe5 24. Bh4 Nc5 25. Bxe7 Nxd3 26. Rxf8+ Rxf8 27. Qh4 Nxc1
28. Bxf8 Kxf8 29. Qd8+ Be8 30. Nhf3 Nd3 31. Ng5 Qc6 32. Qxa5 Qc1+ 33. Kh2 Qe1
34. Ngf3 Qf2+ 35. Kh1 Nf4 36. Qb4+ Kg8 0-1

[Event "IX Open Primavera"]
[Site "Robecchetto con Induno ITA"]
[Date "2012.04.12"]
[Round "1"]
[White "Minore, Antonino"]
[Black "Crestani, Sandro"]
[Result "1/2-1/2"]
[WhiteElo "1335"]
[BlackElo "1670"]
[PlyCount "84"]
[EventDate "2012.04.12"]

1. Nf3 d6 2. e4 Nf6 3. d3 g6 4. Be2 Bg7 5. Bd2 c5 6. Qc1 Qb6 7. c4 Nc6 8. a3
Ng4 9. Bc3 Nge5 10. Nxe5 Nxe5 11. f4 Bh6 12. O-O O-O 13. Qe1 Nc6 14. Qh4 Bg7
15. Ra2 Nd4 16. Bd1 Bf6 17. Qg3 Qc6 18. Nd2 b5 19. b3 a5 20. a4 bxc4 21. bxc4
Bd7 22. Nf3 Nxf3+ 23. Bxf3 Bxc3 24. e5 Qc7 25. Bxa8 Rxa8 26. Kh1 dxe5 27. Raf2
exf4 28. Qg5 f6 29. Qd5+ Kg7 30. Qxa8 Bc6 31. Qa6 e5 32. Rb1 e4 33. Rb6 Ba8 34.
Rf1 e3 35. Rfb1 e2 36. Re6 e1=Q+ 37. Rbxe1 Bxe1 38. Qxa8 Bc3 39. Qe8 Kh6 40.
Kg1 Qb7 41. Kf2 Qb2+ 42. Kf3 Be5 1/2-1/2

[Event "IX Open Primavera"]
[Site "Robecchetto con Induno ITA"]
[Date "2012.04.12"]
[Round "1"]
[White "Moroni, Luca"]
[Black "Ongaro, Andrea"]
[Result "1/2-1/2"]
[WhiteElo "1801"]
[BlackElo "1555"]
[PlyCount "25"]
[EventDate "2012.04.12"]

1. Nf3 Nf6 2. d4 d6 3. Bf4 g6 4. h3 Bg7 5. e3 b6 6. Bc4 Bb7 7. c3 Nbd7 8. Nbd2
O-O 9. O-O Ne4 10. a4 a6 11. Qe2 Ndf6 12. Rfe1 Qd7 13. Nxe4 1/2-1/2

[Event "IX Open Primavera"]
[Site "Robecchetto con Induno ITA"]
[Date "2012.04.12"]
[Round "1"]
[White "Ragoso, Mario"]
[Black "Frignani, Alessandro"]
[Result "1-0"]
[WhiteElo "1646"]
[BlackElo "1292"]
[PlyCount "121"]
[EventDate "2012.04.12"]

1. e4 e5 2. Nf3 f6 3. Nc3 c6 4. d4 Qe7 5. Bc4 d6 6. O-O b5 7. Bb3 Be6 8. dxe5
dxe5 9. Qd3 Nd7 10. Be3 Nb6 11. Bxe6 Qxe6 12. Rad1 Be7 13. b3 b4 14. Ne2 c5 15.
Qb5+ Kf7 16. Bxc5 Bxc5 17. Qxc5 Qe7 18. Qxe7+ Nxe7 19. Rd3 Rac8 20. c3 a5 21.
cxb4 axb4 22. Rd6 Rc6 23. Rxc6 Nxc6 24. Rc1 Rc8 25. Kf1 Ke6 26. Nd2 Kd6 27.
Nc4+ Nxc4 28. Rxc4 Ra8 29. Nc1 Rb8 30. Ke2 Nd4+ 31. Kd3 Nc6 32. Ne2 Rd8 33. Kc2
Kc7 34. Nc1 Kb6 35. Nd3 Kb5 36. Rc5+ Kb6 37. Rd5 Nd4+ 38. Kd2 Rxd5 39. exd5 Kb5
40. Ke3 g6 41. f4 Nf5+ 42. Ke4 exf4 43. Nxf4 Nd6+ 44. Ke3 Kc5 45. Nd3+ Kb5 46.
g4 h5 47. h3 hxg4 48. hxg4 g5 49. Nf2 Kc5 50. Ne4+ Nxe4 51. Kxe4 Kd6 52. Kf5
Kxd5 53. Kxf6 Kd4 54. Kxg5 Kc3 55. Kf6 Kb2 56. g5 Kxa2 57. g6 Kxb3 58. g7 Kb2
59. g8=Q b3 60. Ke5 Kb1 61. Qxb3+ 1-0

[Event "IX Open Primavera"]
[Site "Robecchetto con Induno ITA"]
[Date "2012.04.12"]
[Round "1"]
[White "Redamante, Marzio"]
[Black "Colombo, Maurizio"]
[Result "0-1"]
[WhiteElo "1462"]
[BlackElo "1745"]
[PlyCount "86"]
[EventDate "2012.04.12"]

1. d4 d5 2. e3 Nf6 3. c4 e6 4. Nc3 c6 5. cxd5 exd5 6. Nf3 Bd6 7. Be2 O-O 8. Qc2
Re8 9. h4 Nbd7 10. Bd2 Nf8 11. O-O-O Bg4 12. Rdg1 Ne4 13. Be1 Rc8 14. Bd3 c5
15. dxc5 Rxc5 16. Ng5 Nxc3 17. Bxh7+ Nxh7 18. Qxh7+ Kf8 19. Bxc3 Rxc3+ 20. bxc3
Qf6 21. Qc2 Ba3+ 22. Kb1 Bf5 23. Nh7+ Bxh7 24. Qxh7 Qxf2 25. Qc2 Qxe3 26. Qb3
Qd3+ 27. Ka1 Be7 28. Rd1 Qg3 29. Rxd5 Qxg2 30. Rhd1 Bf6 31. Rd7 Qg6 32. Rxb7
Rc8 33. Qb4+ Kg8 34. Rc1 Qg3 35. Kb2 Bxc3+ 36. Rxc3 Rxc3 37. Qxc3 Qg2+ 38. Ka3
Qxb7 39. Qd3 Qe7+ 40. Kb3 Qxh4 41. Qd7 Qg3+ 42. Ka4 Qf4+ 43. Kb5 Qe5+ 0-1

[Event "IX Open Primavera"]
[Site "Robecchetto con Induno ITA"]
[Date "2012.04.12"]
[Round "1"]
[White "Ruggeri, Igor"]
[Black "Trenti, Alessandro"]
[Result "1/2-1/2"]
[WhiteElo "1533"]
[BlackElo "1780"]
[PlyCount "153"]
[EventDate "2012.04.12"]

1. d4 d5 2. c4 e6 3. Nc3 a6 4. cxd5 exd5 5. Nf3 Bb4 6. e3 Nf6 7. a3 Ba5 8. Qa4+
c6 9. b4 Bc7 10. b5 O-O 11. g3 cxb5 12. Qc2 Ba5 13. Bg2 Ne4 14. Bd2 Nxd2 15.
Nxd2 Be6 16. O-O Nc6 17. Rac1 Rc8 18. Qb2 Rc7 19. Nb3 Bb6 20. Ne2 Qe7 21. Nf4
Rfc8 22. Nc5 Bxc5 23. Rxc5 Na5 24. Nxe6 fxe6 25. Rfc1 Nc4 26. Rxc7 Rxc7 27. Qc2
Qd6 28. Qa2 Rc6 29. e4 Nxa3 30. Rxc6 bxc6 31. exd5 exd5 32. Qe2 Qd7 33. Bh3 Qd8
34. Be6+ Kh8 35. Qf3 b4 36. Bd7 Qf6 37. Qe3 g6 38. Qe8+ Kg7 39. Be6 Qxd4 40.
Qe7+ Kh6 41. Bg8 Qh8 42. Qf8+ Qg7 43. Qf4+ g5 44. Qd6+ Qg6 45. Qf8+ Qg7 46.
Qd6+ Kh5 47. g4+ Kxg4 48. Qg3+ Kf5 49. Qh3+ Ke5 50. Bxh7 Kd6 51. Qf5 Kc5 52.
Qd3 Nb5 53. Qc2+ Qc3 54. Qf5 Qe1+ 55. Kg2 Qe4+ 56. Qxe4 dxe4 57. Bxe4 b3 58. f4
gxf4 59. h4 Nd6 60. Bg6 b2 61. h5 Nf7 62. Kf3 Kd6 63. Kxf4 a5 64. Bb1 c5 65.
Ke4 a4 66. Kd3 Kd5 67. Kc3 a3 68. Kb3 Kd4 69. Kxa3 Kc3 70. Ka2 c4 71. Bg6 Nh6
72. Kb1 Kb3 73. Bc2+ Ka3 74. Bg6 c3 75. Bc2 Ng4 76. Bg6 Nh6 77. Bc2 1/2-1/2

[Event "IX Open Primavera"]
[Site "Robecchetto con Induno ITA"]
[Date "2012.04.12"]
[Round "1"]
[White "Sartorio, Alessandro"]
[Black "Santarelli, Sabatino"]
[Result "0-1"]
[WhiteElo "1233"]
[BlackElo "1614"]
[PlyCount "86"]
[EventDate "2012.04.12"]

1. e4 g6 2. Nf3 Bg7 3. Bc4 e6 4. d4 Ne7 5. O-O O-O 6. Nc3 a6 7. e5 b5 8. Bd3
Bb7 9. b4 d6 10. Re1 Nd7 11. exd6 cxd6 12. a4 Rc8 13. Bb2 Bxf3 14. Qxf3 Bxd4
15. Ra3 Nd5 16. Be4 Ne5 17. Qg3 Nxb4 18. Ba1 Qf6 19. Rd1 Bc5 20. Ne2 Nxc2 21.
Bxe5 Qxe5 22. Qxe5 dxe5 23. Bxc2 Bxa3 24. Be4 Rc4 25. Bd3 Rxa4 26. Nc3 Rd4 27.
g3 Rfd8 28. Bc2 b4 29. Rxd4 exd4 30. Ne4 d3 31. Bd1 a5 32. Kf1 Rd4 33. Nd2 Bb2
34. Nf3 Rc4 35. Ne1 d2 36. Nd3 Bc1 37. Ne5 Re4 38. Nd3 f6 39. f3 Re3 40. Nf2 b3
41. Bxb3 Rxb3 42. Ke2 a4 43. Nd3 Rxd3 0-1

[Event "IX Open Primavera"]
[Site "Robecchetto con Induno ITA"]
[Date "2012.04.12"]
[Round "1"]
[White "Torretta, Gilberto"]
[Black "Nava, Mario"]
[Result "1-0"]
[WhiteElo "1676"]
[BlackElo "1368"]
[PlyCount "53"]
[EventDate "2012.04.12"]

1. e4 c5 2. Nc3 e6 3. g3 Nc6 4. Bg2 g6 5. Nge2 Bg7 6. O-O Nf6 7. d3 O-O 8. Bg5
a6 9. Qd2 Qc7 10. a4 Nb4 11. h3 e5 12. f4 exf4 13. Nxf4 Qe5 14. Nfd5 Nbxd5 15.
exd5 Qd6 16. Bxf6 Bxf6 17. Ne4 Bd4+ 18. Kh1 Qe7 19. c3 Bg7 20. Rae1 Qd8 21. d6
Kh8 22. Nxc5 Rb8 23. Re7 Kg8 24. Bd5 b6 25. Rexf7 Rxf7 26. Rxf7 bxc5 27. Rxd7+
1-0

[Event "IX Open Primavera"]
[Site "Robecchetto con Induno ITA"]
[Date "2012.04.19"]
[Round "2"]
[White "Colombo, Maurizio"]
[Black "Merlotti, Marco"]
[Result "1-0"]
[WhiteElo "1745"]
[BlackElo "1734"]
[PlyCount "108"]
[EventDate "2012.04.12"]

1. Nf3 d5 2. b3 Nf6 3. Bb2 e6 4. e3 Be7 5. Ne5 c5 6. f4 Nbd7 7. Bb5 a6 8. Bxd7+
Bxd7 9. O-O b5 10. d3 b4 11. Nd2 O-O 12. Qe2 Bb5 13. e4 dxe4 14. Nxe4 Nxe4 15.
Qxe4 Qd5 16. Qxd5 exd5 17. a4 bxa3 18. Bxa3 f6 19. Nf3 Rfe8 20. Rfe1 Bf8 21.
Nd2 Rac8 22. Rxe8 Rxe8 23. Kf2 Rd8 24. g3 c4 25. Bxf8 Kxf8 26. d4 cxb3 27. Nxb3
Re8 28. Re1 Rxe1 29. Kxe1 Ke7 30. Kd2 h5 31. Kc3 Ke6 32. Kb4 Kf5 33. Nd2 h4 34.
Kc5 hxg3 35. hxg3 Ke6 36. Nb1 Bc4 37. Nc3 g6 38. Nd1 Be2 39. Ne3 Bf3 40. Kb6
Be2 41. Kc6 Bf3 42. Kc5 Be4 43. Kb6 g5 44. Kxa6 gxf4 45. gxf4 Kd6 46. Kb6 Bg6
47. Kb5 Be4 48. c4 dxc4 49. Kxc4 Bb1 50. d5 f5 51. Kd4 Be4 52. Nc4+ Kd7 53. Ke5
Bb1 54. Ne3 Bd3 1-0

[Event "IX Open Primavera"]
[Site "Robecchetto con Induno ITA"]
[Date "2012.04.19"]
[Round "2"]
[White "Crestani, Sandro"]
[Black "Colombo, Angelo D."]
[Result "1-0"]
[WhiteElo "1670"]
[BlackElo "1473"]
[PlyCount "101"]
[EventDate "2012.04.12"]

1. c4 c6 2. Nc3 e6 3. e4 Bb4 4. Qc2 Ne7 5. a3 Bxc3 6. Qxc3 O-O 7. Nf3 d5 8. d3
dxe4 9. dxe4 Ng6 10. Bg5 f6 11. Rd1 Qc7 12. Be3 Nd7 13. Be2 b6 14. O-O Bb7 15.
c5 Rae8 16. Rd6 b5 17. Rfd1 Bc8 18. Qd2 Nb8 19. h4 Nh8 20. e5 Nf7 21. exf6 Nxd6
22. cxd6 Qf7 23. fxg7 Qxg7 24. Bh6 Qf6 25. Bxf8 Rxf8 26. Qg5+ Kf7 27. Qxf6+
Kxf6 28. Ng5 Rh8 29. Ne4+ Ke5 30. f3 Rd8 31. g3 Nd7 32. Ng5 Rg8 33. f4+ Kf6 34.
Nxh7+ Kf7 35. Ng5+ Kf6 36. Kf2 Nb6 37. Ne4+ Kf5 38. Nc5 Rd8 39. g4+ Kxf4 40. h5
Nd5 41. a4 a6 42. axb5 axb5 43. Rg1 Rxd6 44. g5 e5 45. g6 Nf6 46. h6 Ng4+ 47.
Bxg4 Bxg4 48. Rxg4+ Kxg4 49. h7 Rd2+ 50. Ke3 Rh2 51. g7 1-0

[Event "IX Open Primavera"]
[Site "Robecchetto con Induno ITA"]
[Date "2012.04.16"]
[Round "2"]
[White "Frignani, Alessandro"]
[Black "Redamante, Marzio"]
[Result "0-1"]
[WhiteElo "1292"]
[BlackElo "1462"]
[PlyCount "174"]
[EventDate "2012.04.12"]

1. e4 e6 2. d4 d5 3. e5 c5 4. c3 cxd4 5. cxd4 Nc6 6. a3 Nge7 7. Nf3 Qb6 8. Nc3
a6 9. b4 Nf5 10. Be3 Nxe3 11. fxe3 Be7 12. Bd3 O-O 13. Ke2 Bd7 14. Qe1 f6 15.
Qg3 fxe5 16. Nxe5 Nxe5 17. Qxe5 Bf6 18. Qg3 Rac8 19. Rac1 Be8 20. Qh3 h6 21.
Kd2 Rc7 22. Rhf1 Re7 23. Rf3 Bg5 24. Rxf8+ Kxf8 25. Qg4 Rf7 26. Rf1 Rxf1 27.
Bxf1 Ke7 28. h4 Bf6 29. Bd3 Qd6 30. g3 a5 31. Qf4 Qxf4 32. exf4 axb4 33. axb4
Bxd4 34. Ne2 Bf2 35. Kc2 Bh5 36. Kc3 Bxe2 37. Bxe2 Bxg3 38. h5 Bxf4 39. b5 b6
40. Kd4 Kd6 41. Bd3 e5+ 42. Kc3 e4 43. Bf1 Kc5 44. Kb3 d4 45. Kb2 d3 46. Kc3
Kxb5 47. Kd4 Kb4 48. Kxe4 d2 49. Be2 Bg5 50. Kd3 Kb3 51. Bd1+ Kb2 52. Ke2 b5
53. Kd3 Kc1 54. Ke2 b4 55. Ba4 Kb2 56. Kd1 b3 57. Bb5 Kc3 58. Bc6 Kd4 59. Ba4
Kc3 60. Bd7 b2 61. Bf5 Kb3 62. Bb1 Kc3 63. Bc2 Kd4 64. Bb1 Ke3 65. Bc2 Kf3 66.
Bb1 Kg4 67. Bg6 Kh4 68. Kc2 b1=Q+ 69. Kxb1 d1=Q+ 70. Kb2 Qd4+ 71. Kb3 Kg3 72.
Bh7 Kf4 73. Bg6 Ke3 74. Bh7 Kd2 75. Bg6 Qc3+ 76. Ka4 Qb2 77. Bf7 Kc3 78. Ka5
Kd4 79. Be8 Kc5 80. Bd7 Qb7 81. Ka4 Qa7+ 82. Kb3 Qxd7 83. Kc3 Qd4+ 84. Kb3 Qc4+
85. Kb2 Kb4 86. Kb1 Kb3 87. Ka1 Qc1# 0-1

[Event "IX Open Primavera"]
[Site "Robecchetto con Induno ITA"]
[Date "2012.04.19"]
[Round "2"]
[White "Macchiettini, Pierangelo"]
[Black "Santarelli, Sabatino"]
[Result "1-0"]
[WhiteElo "1701"]
[BlackElo "1614"]
[PlyCount "41"]
[EventDate "2012.04.12"]

1. d4 Nf6 2. c4 g6 3. Nc3 Bg7 4. e4 d6 5. Be2 O-O 6. f4 c5 7. d5 Nbd7 8. Nf3
Qa5 9. Bd2 a6 10. O-O Qd8 11. Qc2 Nb6 12. b3 Bd7 13. Rad1 Rb8 14. Rde1 Nc8 15.
a4 Na7 16. e5 Ng4 17. Ng5 dxe5 18. Bxg4 Bxg4 19. fxe5 Bf5 20. Rxf5 gxf5 21.
Qxf5 1-0

[Event "IX Open Primavera"]
[Site "Robecchetto con Induno ITA"]
[Date "2012.04.19"]
[Round "2"]
[White "Madaschi, Sergio"]
[Black "Koureas, Panicos"]
[Result "0-1"]
[WhiteElo "1569"]
[BlackElo "1393"]
[PlyCount "64"]
[EventDate "2012.04.12"]

1. d4 Nf6 2. Nf3 e6 3. e3 c5 4. Bd3 d5 5. c3 Bd6 6. Nbd2 Nc6 7. O-O O-O 8. Qe2
e5 9. dxe5 Nxe5 10. Nxe5 Bxe5 11. Nf3 Bg4 12. h3 Bh5 13. e4 c4 14. Bc2 Re8 15.
Bg5 h6 16. Bh4 Bc7 17. Rad1 Qd6 18. Bg3 Bxf3 19. Qxf3 Qd7 20. Bxc7 Qxc7 21.
exd5 Rad8 22. Rd2 Qa5 23. a3 Rxd5 24. Rfd1 Re1+ 25. Kh2 Rxd2 26. Rxd2 Qe5+ 27.
g3 g6 28. Qxb7 Re2 29. Qc8+ Kg7 30. Qd8 Nh5 31. Qd4 Qxd4 32. cxd4 Rxd2 0-1

[Event "IX Open Primavera"]
[Site "Robecchetto con Induno ITA"]
[Date "2012.04.19"]
[Round "2"]
[White "Melino, Gianluca"]
[Black "Barrera, Pietro"]
[Result "1/2-1/2"]
[WhiteElo "1731"]
[BlackElo "1881"]
[PlyCount "33"]
[EventDate "2012.04.12"]

1. d4 a6 2. e4 g6 3. Be3 Bg7 4. c3 d6 5. Bd3 e6 6. Nf3 Nd7 7. O-O Ne7 8. Nbd2
O-O 9. Re1 b5 10. Qc2 Bb7 11. Nf1 c5 12. dxc5 dxc5 13. Rad1 Qc7 14. Ng3 Nc6 15.
Bf1 Nce5 16. Nxe5 Nxe5 17. f3 1/2-1/2

[Event "IX Open Primavera"]
[Site "Robecchetto con Induno ITA"]
[Date "2012.04.19"]
[Round "2"]
[White "Nava, Mario"]
[Black "Angalone, Ruggero"]
[Result "0-1"]
[WhiteElo "1368"]
[BlackElo "1566"]
[PlyCount "110"]
[EventDate "2012.04.12"]

1. e3 g6 2. Nf3 Bg7 3. d4 d6 4. c4 e5 5. dxe5 dxe5 6. Qxd8+ Kxd8 7. Nc3 c6 8.
e4 Be6 9. Ng5 Bc8 10. Nxf7+ Kc7 11. Nxh8 Bxh8 12. Bg5 Bf6 13. Bxf6 Nxf6 14. h3
Na6 15. O-O-O Nc5 16. f3 Be6 17. g4 Rf8 18. Be2 Bg8 19. Rhf1 Ne6 20. Bd3 Nf4
21. g5 Nd7 22. h4 Nc5 23. Bc2 Bxc4 24. Rf2 Ncd3+ 25. Bxd3 Nxd3+ 26. Rxd3 Bxd3
27. a3 Rf4 28. Kd2 Bc4 29. Ke3 a5 30. Rh2 b5 31. h5 Bf7 32. hxg6 Bxg6 33. Rh6
Kb6 34. b4 axb4 35. axb4 Rf7 36. Rh2 Rg7 37. Rg2 Bh5 38. f4 exf4+ 39. Kxf4 Rf7+
40. Ke5 Rf3 41. Rh2 Bg6 42. Rc2 Rg3 43. Kf6 Re3 44. Kg7 Kc7 45. Rc1 Kd6 46.
Rd1+ Ke5 47. Na2 Rxe4 48. Rd8 Kf5 49. Rc8 Kxg5 50. Rxc6 Re7+ 51. Kf8 Rf7+ 52.
Kg8 h5 53. Nc3 h4 54. Ne4+ Bxe4 55. Kxf7 Bxc6 0-1

[Event "IX Open Primavera"]
[Site "Robecchetto con Induno ITA"]
[Date "2012.04.19"]
[Round "2"]
[White "Novi', Giuseppe"]
[Black "Ragoso, Mario"]
[Result "1-0"]
[WhiteElo "1810"]
[BlackElo "1646"]
[PlyCount "47"]
[EventDate "2012.04.12"]

1. e4 e5 2. Nf3 Nc6 3. Bb5 a6 4. Ba4 Nf6 5. O-O Nxe4 6. Re1 d5 7. d3 Nc5 8.
Nxe5 Be6 9. Bxc6+ bxc6 10. Nxc6 Qf6 11. Ne5 Bd6 12. d4 Nb7 13. Nc3 Kf8 14. Nxd5
Qh4 15. Nf4 Bf5 16. Qf3 Re8 17. g3 Qd8 18. Qxb7 f6 19. Ned3 Rxe1+ 20. Nxe1 Qe8
21. Be3 Be4 22. d5 Bxf4 23. Bxf4 Qh5 24. Qc8+ 1-0

[Event "IX Open Primavera"]
[Site "Robecchetto con Induno ITA"]
[Date "2012.04.19"]
[Round "2"]
[White "Ongaro, Andrea"]
[Black "Libutti, Michele"]
[Result "1-0"]
[WhiteElo "1555"]
[BlackElo "1752"]
[PlyCount "74"]
[EventDate "2012.04.12"]

1. e4 c6 2. d4 d5 3. e5 Bf5 4. Nf3 e6 5. Be2 c5 6. Be3 Nc6 7. O-O Qb6 8. Nc3
Qxb2 9. Qe1 cxd4 10. Nxd4 Bb4 11. Nxc6 bxc6 12. Rb1 Qxc3 13. Rxb4 Qxc2 14. Qc1
Qxc1 15. Rxc1 a5 16. Rb7 Rc8 17. Rxc6 Rxc6 18. Bb5 Ne7 19. Rb8+ Kd7 20. Rxh8
Kc7 21. Bxc6 Nxc6 22. f4 d4 23. Bd2 d3 24. Kf2 Kb6 25. g4 Bg6 26. h4 f5 27.
exf6 gxf6 28. h5 Be4 29. Ke3 f5 30. Rxh7 Nb4 31. Bxb4 axb4 32. g5 Bd5 33. Kxd3
Bxa2 34. Kc2 Kc5 35. Rd7 Bd5 36. h6 e5 37. h7 exf4 1-0

[Event "IX Open Primavera"]
[Site "Robecchetto con Induno ITA"]
[Date "2012.04.19"]
[Round "2"]
[White "Testa, Loris"]
[Black "Torretta, Gilberto"]
[Result "1-0"]
[WhiteElo "1887"]
[BlackElo "1676"]
[PlyCount "39"]
[EventDate "2012.04.12"]

1. e4 c5 2. Nf3 Nc6 3. g3 g6 4. Bg2 Bg7 5. O-O e6 6. c3 Nge7 7. d4 c4 8. d5 Ne5
9. Nxe5 Bxe5 10. f4 Qb6+ 11. Kh1 Bg7 12. Na3 exd5 13. exd5 Qc5 14. Qe2 O-O 15.
Be3 Qd6 16. Nxc4 Qa6 17. Bc5 Bf6 18. Qe4 b6 19. Bxe7 Bxe7 20. d6 1-0

[Event "IX Open Primavera"]
[Site "Robecchetto con Induno ITA"]
[Date "2012.04.19"]
[Round "2"]
[White "Vada, Riccardo"]
[Black "Moroni, Luca"]
[Result "0-1"]
[WhiteElo "1440"]
[BlackElo "1801"]
[PlyCount "68"]
[EventDate "2012.04.12"]

1. e4 c5 2. c4 d6 3. Nc3 Nf6 4. d3 g6 5. Nge2 Bg7 6. g3 Nc6 7. Bg2 O-O 8. O-O
a6 9. h3 Qc7 10. Be3 Be6 11. Qd2 Rab8 12. Rfc1 Ne5 13. f4 Nc6 14. Rab1 Nh5 15.
Kh2 Nd4 16. Rf1 Nxe2 17. Qxe2 Nf6 18. f5 Bd7 19. g4 Bc6 20. Nd5 Bxd5 21. exd5
b5 22. Qd2 Nd7 23. Bh6 Ne5 24. Bxg7 Kxg7 25. Be4 bxc4 26. dxc4 Nxc4 27. Qc3+
Ne5 28. Rf2 Qb6 29. g5 Qb4 30. f6+ exf6 31. gxf6+ Kh8 32. Qe3 Qd4 33. Qh6 Qxf2+
34. Bg2 Qxf6 0-1

[Event "IX Open Primavera"]
[Site "Robecchetto con Induno ITA"]
[Date "2012.04.26"]
[Round "3"]
[White "Angalone, Ruggero"]
[Black "Koureas, Panicos"]
[Result "0-1"]
[WhiteElo "1566"]
[BlackElo "1393"]
[PlyCount "64"]
[EventDate "2012.04.12"]

1. c4 Nf6 2. d3 d6 3. g3 g6 4. b3 Bg7 5. Bb2 Nbd7 6. Bg2 O-O 7. Nf3 e5 8. O-O
Qe7 9. Nbd2 c6 10. e3 Nc5 11. Qc2 Bg4 12. d4 Ncd7 13. dxe5 Nxe5 14. Nxe5 dxe5
15. f3 Bc8 16. f4 Ng4 17. Rfe1 Qc5 18. Qc3 Qe7 19. h3 Nh6 20. g4 f6 21. a4 Rb8
22. Ba3 c5 23. Qa5 b6 24. Qc3 Bb7 25. Bxb7 Rxb7 26. fxe5 fxe5 27. e4 Qh4 28.
Rf1 Rbf7 29. Qd3 Rd8 30. Qe3 Rfd7 31. Rad1 Rd3 32. Nf3 Qg3+ 0-1

[Event "IX Open Primavera"]
[Site "Robecchetto con Induno ITA"]
[Date "2012.04.26"]
[Round "3"]
[White "Barrera, Pietro"]
[Black "Crestani, Sandro"]
[Result "1-0"]
[WhiteElo "1881"]
[BlackElo "1670"]
[PlyCount "107"]
[EventDate "2012.04.12"]

1. d4 f5 2. Nf3 Nf6 3. g3 g6 4. Bg2 Bg7 5. c3 c6 6. O-O O-O 7. Nbd2 d6 8. Re1
a5 9. e4 fxe4 10. Nxe4 Nxe4 11. Rxe4 Bf5 12. Rh4 Nd7 13. g4 Be4 14. Ng5 Bxg2
15. Kxg2 Bf6 16. Ne6 Qc8 17. g5 Bg7 18. Nxf8 Nxf8 19. Qf3 e5 20. Be3 d5 21.
dxe5 Bxe5 22. Re1 Qd7 23. Qh3 Re8 24. Bc5 Qxh3+ 25. Rxh3 Nd7 26. Bd4 c5 27.
Bxe5 Rxe5 28. Rxe5 Nxe5 29. Re3 Nc6 30. f4 Kf7 31. Kf3 b5 32. Ke2 b4 33. Rh3
Kg7 34. Kd2 c4 35. Re3 Kf7 36. h4 d4 37. cxd4 Nxd4 38. Re4 Nf3+ 39. Kc2 b3+ 40.
axb3 cxb3+ 41. Kc3 Nxh4 42. Kxb3 Nf3 43. Ka4 Nd2 44. Rd4 Nf3 45. Rd7+ Ke6 46.
Rxh7 Nd2 47. b3 Kf5 48. Rf7+ Ke4 49. Rf6 Nf3 50. Kxa5 Nd4 51. b4 Nf5 52. b5
Kxf4 53. Rxg6 Ne7 54. Rg7 1-0